Campanha do Flamengo no Brasileirão 2024 - Statistics

Estatísticas Gerais
  • Esse quiz foi jogado 232 vezes
  • A pontuação média é 15 de 15
Estatísticas das Respostas
Hint Resposta % Correto
Juventude D (1-2)
100%
Red Bull Bragantino E (1-1)
100%
Athletico Paranaense E (1-1)
100%
Cuiabá E (1-1)
100%
Fluminense V (1-0)
100%
Corinthians V (2-0)
100%
Atlético Goianiense V (2-1)
100%
São Paulo V (2-1)
100%
Grêmio V (2-1)
100%
Bahia V (2-1)
100%
Cruzeiro V (2-1)
100%
Atlético Mineiro V (4-2)
99%
Vasco da Gama V (6-1)
98%
Botafogo D (0-2)
96%
Palmeiras E (0-0)
96%
Nenhum quiz correspondente encontrado
Distribuição das Pontuações
Porcentagem de Pessoas com Cada Pontuação
Percentil de Números Respondidos
Sua Pontuação Histórica
Você não jogou esse quiz